| 000 | 01419cam a2200397 a 4500 | ||
|---|---|---|---|
| 001 | 11918839 | ||
| 003 | OSt | ||
| 005 | 20140310184239.0 | ||
| 008 | 000223s2001 nyu c 000 1 eng | ||
| 010 | _a 00025570 | ||
| 020 | _a043956543X | ||
| 020 | _a9780439565431 | ||
| 040 |
_aDLC _cDLC _dDLC |
||
| 042 | _alcac | ||
| 043 | _an-us-pa | ||
| 050 | 0 | 0 |
_aPZ 7 _b.C86942Pr 2003 |
| 082 | 0 | 0 | _a[Fic] |
| 100 | 1 |
_aCrisp, Marty. _923787 |
|
| 245 | 1 | 0 |
_aPrivate captain : _ba story of Gettysburg / _cMarty Crisp. |
| 260 |
_aNew York : _bscholastic _c2003. |
||
| 300 |
_a293 p. ; _c22 cm. |
||
| 520 | _aIn 1863 Pennsylvania, twelve-year-old Ben and his dog Captain set off in search of Ben's brother, who is missing from the Union Army. | ||
| 521 | _aG5 | ||
| 526 | _c750 | ||
| 650 | 0 |
_aGettysburg, Battle of, Gettysburg, Pa., 1863 _vJuvenile fiction. _928242 |
|
| 650 | 1 |
_aGettysburg, Battle of, Gettysburg, Pa., 1863 _vFiction. _928243 |
|
| 650 | 1 |
_aDogs _vFiction. _928244 |
|
| 650 | 1 |
_aBrothers _vFiction. _928245 |
|
| 651 | 1 |
_aUnited States _xHistory _yCivil War, 1861-1865 _vFiction. _928246 |
|
| 651 | 1 |
_aGettysburg (Pa.) _vFiction. _928247 |
|
| 906 |
_a7 _bcbc _corignew _d1 _eocip _f20 _gy-gencatlg |
||
| 942 |
_2lcc _cBK-SCHOLAS |
||
| 999 |
_c33244 _d33244 |
||